[Event "Molodezhnoe"]
[Site "Molodezhnoe"]
[Date "2019.07.25"]
[Round "6"]
[White "Siagodnik, Anton"]
[Black "Shubin, Kirill"]
[Result "1/2-1/2"]
[WhiteElo "2261"]
[BlackElo "2426"]
[PlyCount "44"]
[EventDate "2019.07.20"]
[EventType "tourn"]
[EventRounds "9"]
[EventCountry "RUS"]
[EventCategory "2"]
[SourceTitle "CBM 191 Extra"]
[Source "ChessBase"]
[SourceDate "2019.09.30"]
[SourceVersion "1"]
[SourceVersionDate "2019.09.30"]
[SourceQuality "1"]

1. Nf3 Nf6 2. c4 b6 3. g3 Bb7 4. Bg2 e6 5. 0-0 Be7 6. Nc3 0-0 7. d4 Ne4 8. Bd2 Bf6 9. e3 c5 10. Qc2 Nxd2 11. Qxd2 cxd4 12. Nxd4 Bxg2 13. Kxg2 Qc8 14. b3 Qb7+ 15. f3 a6 16. Rfd1 Nc6 17. Nde2 Rfd8 18. Ne4 d5 19. Nxf6+ gxf6 20. cxd5 Rxd5 21. Qc3 Rxd1 22. Rxd1 Ne5 1/2-1/2

[Event "Molodezhnoe"]
[Site "Molodezhnoe"]
[Date "2019.07.20"]
[Round "1"]
[White "Siagodnik, Anton"]
[Black "Ismagilov, Damir"]
[Result "1/2-1/2"]
[WhiteElo "2261"]
[BlackElo "2181"]
[PlyCount "174"]
[EventDate "2019.07.20"]
[EventType "tourn"]
[EventRounds "9"]
[EventCountry "RUS"]
[EventCategory "2"]
[SourceTitle "CBM 191 Extra"]
[Source "ChessBase"]
[SourceDate "2019.09.30"]
[SourceVersion "1"]
[SourceVersionDate "2019.09.30"]
[SourceQuality "1"]

1. d4 d5 2. Nf3 e6 3. g3 c5 4. Bg2 Nf6 5. 0-0 Nc6 6. c4 Be7 7. cxd5 exd5 8. Nc3 0-0 9. Bg5 Be6 10. dxc5 Bxc5 11. Bxf6 Qxf6 12. Nxd5 Qxb2 13. Nc7 Rad8 14. Qc1 Qxc1 15. Raxc1 Bb6 16. Nxe6 fxe6 17. Rc4 Nd4 18. Nxd4 Rxd4 19. Rxd4 Bxd4 20. Bxb7 Rb8 21. Ba6 Rb4 22. Rc1 Bb6 23. Rc6 e5 24. Bc4+ Kf8 25. Bb3 Rd4 26. Re6 Bc7 27. Kg2 Rd8 28. h4 Re8 29. Rc6 Bb6 30. Ba4 Rd8 31. Re6 Bc7 32. e3 Kf7 33. Bb3 Kf8 34. g4 Rd7 35. Ba4 Re7 36. Rc6 g6 37. g5 Rf7 38. Bb3 Re7 39. Rf6+ Kg7 40. Kf3 e4+ 41. Kg4 h6 42. Rc6 hxg5 43. hxg5 Bb6 44. Rf6 Bd8 45. Rf4 Bc7 46. Rf6 Bd8 47. Rd6 Bb6 48. Be6 Kf8 49. Bd5 Re5 50. Kf4 Rf5+ 51. Kxe4 Rxf2 52. Rxg6 Re2 53. Rf6+ Kg7 54. Rf3 Kg6 55. Kd3 Re1 56. Rg3 Rd1+ 57. Ke4 Bd8 58. Rg2 Rf1 59. Be6 Rf8 60. Bd7 Bb6 61. Bc6 Rc8 62. Bb5 a6 63. Bd3 Kg7 64. Bxa6 Re8+ 65. Kd5 Rd8+ 66. Kc6 Bxe3 67. Rg3 Bf4 68. Rg4 Rd6+ 69. Kb7 Be3 70. Bc4 Rb6+ 71. Kc7 Rg6 72. a4 Rxg5 73. Re4 Re5 74. Rg4+ Rg5 75. Rh4 Bf2 76. Re4 Re5 77. Rg4+ Kf6 78. Bb5 Rg5 79. Rb4 Ke5 80. Bc6 Rg7+ 81. Bd7 Kd5 82. Rb5+ Kc4 83. Rf5 Bg3+ 84. Kc6 Rg6+ 85. Kb7 Rg7 86. Kc8 Rg8+ 87. Kb7 Rg7 1/2-1/2

[Event "St Petersburg IM"]
[Site "St Petersburg"]
[Date "2018.11.13"]
[Round "8"]
[White "Golikov, Daniil"]
[Black "Siagodnik, Anton"]
[Result "1/2-1/2"]
[WhiteElo "2319"]
[BlackElo "2287"]
[PlyCount "45"]
[EventDate "2018.11.06"]
[EventType "tourn"]
[EventRounds "9"]
[EventCountry "RUS"]
[EventCategory "1"]
[SourceTitle "CBM 187 Extra"]
[Source "ChessBase"]
[SourceDate "2018.11.04"]
[SourceVersion "1"]
[SourceVersionDate "2018.11.04"]
[SourceQuality "1"]

1. d4 f5 2. c4 Nf6 3. Nc3 g6 4. h4 d6 5. h5 Nxh5 6. Rxh5 gxh5 7. e4 c6 8. Qxh5+ Kd7 9. Qxf5+ Kc7 10. Qf7 Bd7 11. c5 Qe8 12. Qc4 Qg6 13. Bf4 Na6 14. Qa4 Bh6 15. cxd6+ exd6 16. Bxh6 Qxh6 17. Qa5+ Kb8 18. Bxa6 bxa6 19. d5 Kb7 20. Qb4+ Kc7 21. Qa5+ Kb7 22. Qb4+ Kc7 23. Qa5+ 1/2-1/2

[Event "St Petersburg IM"]
[Site "St Petersburg"]
[Date "2018.11.10"]
[Round "5"]
[White "Siagodnik, Anton"]
[Black "Getman, Tatyana"]
[Result "1/2-1/2"]
[WhiteElo "2287"]
[BlackElo "2195"]
[PlyCount "74"]
[EventDate "2018.11.06"]
[EventType "tourn"]
[EventRounds "9"]
[EventCountry "RUS"]
[EventCategory "1"]
[SourceTitle "CBM 187 Extra"]
[Source "ChessBase"]
[SourceDate "2018.11.04"]
[SourceVersion "1"]
[SourceVersionDate "2018.11.04"]
[SourceQuality "1"]

1. d4 Nf6 2. Nf3 d5 3. g3 Bf5 4. Bg2 e6 5. 0-0 Be7 6. c4 c6 7. Nc3 Nbd7 8. Nd2 0-0 9. e4 dxe4 10. Ndxe4 Nxe4 11. Nxe4 Nf6 12. Nc3 Qb6 13. b3 Rad8 14. Be3 Ng4 15. Qe2 Nxe3 16. fxe3 Bg6 17. Rad1 Qa5 18. Ne4 Bh5 19. g4 Bg6 20. Ng3 Bd6 21. Ne4 Bxe4 22. Bxe4 Qg5 23. Kh1 f5 24. gxf5 exf5 25. Qg2 Qh5 26. Rg1 Rd7 27. Bd3 Rf6 28. Rd2 Rh6 29. Rf2 Qh4 30. Bxf5 Bxh2 31. Bxd7 Bg3+ 32. Bh3 Qxh3+ 33. Qxh3 Rxh3+ 34. Kg2 Bxf2 35. Kxf2 h5 36. Rg3 Rxg3 37. Kxg3 g6 1/2-1/2

[Event "St Petersburg Chess Day"]
[Site "St Petersburg"]
[Date "2018.07.18"]
[Round "4"]
[White "Siagodnik, Anton"]
[Black "Kiselev, Pavel"]
[Result "1-0"]
[WhiteElo "2248"]
[BlackElo "2282"]
[PlyCount "81"]
[EventDate "2018.07.15"]
[EventType "tourn"]
[EventRounds "9"]
[EventCountry "RUS"]
[EventCategory "3"]
[SourceTitle "EXT 2019"]
[Source "ChessBase"]
[SourceDate "2018.10.10"]
[SourceVersion "1"]
[SourceVersionDate "2018.10.10"]
[SourceQuality "1"]

1. d4 d5 2. Nf3 Nf6 3. g3 c5 4. Bg2 Nc6 5. 0-0 cxd4 6. Nxd4 Bd7 7. c4 e5 8. Nxc6 Bxc6 9. cxd5 Bxd5 10. Qa4+ Qd7 11. Qxd7+ Kxd7 12. Rd1 Ke6 13. Bh3+ Ke7 14. Nc3 Bc6 15. Be3 a5 16. a4 h5 17. Bg5 g6 18. Nd5+ Bxd5 19. Rxd5 Bg7 20. Rd7+ Kf8 21. Rxb7 Ne4 22. Be7+ Kg8 23. Bg2 Nf6 24. Rc1 Ra6 25. Bxf6 Bxf6 26. Bd5 Kg7 27. Rxf7+ Kh6 28. Rcc7 h4 29. Kg2 e4 30. b3 hxg3 31. hxg3 Re8 32. Rc4 e3 33. f4 Re7 34. Rxe7 Bxe7 35. Rc7 Bd6 36. Rd7 Bc5 37. g4 g5 38. Be4 Ra7 39. fxg5+ Kxg5 40. Rd5+ Kf4 41. Bf3 1-0

[Event "St Petersburg IM 05"]
[Site "St Petersburg"]
[Date "2017.05.20"]
[Round "9"]
[White "Siagodnik, Anton"]
[Black "Schekachikhin, Maksim"]
[Result "0-1"]
[WhiteElo "2233"]
[BlackElo "2395"]
[PlyCount "76"]
[EventDate "2017.05.12"]
[EventType "tourn"]
[EventRounds "9"]
[EventCountry "RUS"]
[EventCategory "4"]
[SourceTitle "CBM 178 Extra"]
[Source "ChessBase"]
[SourceDate "2017.06.22"]
[SourceVersion "1"]
[SourceVersionDate "2017.06.22"]
[SourceQuality "1"]

1. Nf3 Nf6 2. c4 e6 3. g3 d5 4. d4 dxc4 5. Bg2 Bb4+ 6. Bd2 a5 7. 0-0 0-0 8. Qc2 Bxd2 9. Nbxd2 b5 10. a4 c6 11. e4 Na6 12. Rfb1 Nb4 13. Qc3 Ba6 14. b3 cxb3 15. Ne5 Nc2 16. Nxc6 Qd7 17. axb5 Bxb5 18. Ne5 Qc8 19. Qxb3 Nxa1 20. Rxa1 Qa6 21. d5 a4 22. Qa2 exd5 23. exd5 Rfe8 24. f4 Rad8 25. Ndf3 Qa7+ 26. Kh1 Ne4 27. h4 Nxg3+ 28. Kh2 Nf5 29. Ng5 Qe3 30. Ngxf7 Qxf4+ 31. Kg1 Qd4+ 32. Kh1 Qxh4+ 33. Kg1 Rxe5 34. Nxd8 Qxd8 35. Rb1 Qb6+ 36. Kh1 Qh6+ 37. Kg1 Qe3+ 38. Kh2 Nd6 0-1

[Event "St Petersburg IM 05"]
[Site "St Petersburg"]
[Date "2017.05.19"]
[Round "8"]
[White "Manin, Viktor L"]
[Black "Siagodnik, Anton"]
[Result "0-1"]
[WhiteElo "2144"]
[BlackElo "2233"]
[PlyCount "86"]
[EventDate "2017.05.12"]
[EventType "tourn"]
[EventRounds "9"]
[EventCountry "RUS"]
[EventCategory "4"]
[SourceTitle "CBM 178 Extra"]
[Source "ChessBase"]
[SourceDate "2017.06.22"]
[SourceVersion "1"]
[SourceVersionDate "2017.06.22"]
[SourceQuality "1"]

1. e4 e5 2. Nf3 Nf6 3. Nc3 Bb4 4. Bc4 0-0 5. 0-0 d6 6. d3 Bg4 7. Bg5 c6 8. h3 Bh5 9. g4 Bg6 10. Nh4 Nbd7 11. Qf3 Kh8 12. Nf5 Nc5 13. Ne2 Ne6 14. Bh4 Bd2 15. Rad1 Bg5 16. Bg3 d5 17. Bb3 Qc7 18. exd5 cxd5 19. Ne3 Rad8 20. h4 Bxe3 21. fxe3 h5 22. g5 Ng4 23. Nc3 d4 24. Bxe6 fxe6 25. Qxf8+ Rxf8 26. Rxf8+ Kh7 27. exd4 Qd6 28. Rf3 Qxd4+ 29. Kh1 b5 30. a3 Be8 31. Re1 Bc6 32. Ne4 Qxb2 33. Re2 Qxa3 34. Be1 Qc1 35. Kg2 Qd1 36. Nc3 Bxf3+ 37. Kxf3 Qc1 38. Kg2 Qf4 39. Kg1 Ne3 40. g6+ Kg8 41. Bd2 Qf1+ 42. Kh2 Ng4+ 43. Kg3 b4 0-1

[Event "St Petersburg IM 05"]
[Site "St Petersburg"]
[Date "2017.05.18"]
[Round "7"]
[White "Siagodnik, Anton"]
[Black "Usmanov, Vasily"]
[Result "1/2-1/2"]
[WhiteElo "2233"]
[BlackElo "2443"]
[PlyCount "89"]
[EventDate "2017.05.12"]
[EventType "tourn"]
[EventRounds "9"]
[EventCountry "RUS"]
[EventCategory "4"]
[SourceTitle "CBM 178 Extra"]
[Source "ChessBase"]
[SourceDate "2017.06.22"]
[SourceVersion "1"]
[SourceVersionDate "2017.06.22"]
[SourceQuality "1"]

1. Nf3 Nf6 2. c4 e6 3. g3 a6 4. Bg2 b5 5. d3 c5 6. 0-0 Bb7 7. e4 d6 8. b3 Be7 9. Bb2 0-0 10. Nc3 Qb6 11. Qd2 Nc6 12. Rae1 Nd7 13. Nh4 b4 14. Ne2 Qd8 15. f4 Bxh4 16. gxh4 Qxh4 17. Rf3 e5 18. Rh3 Qe7 19. Ng3 f6 20. Nf5 Qe6 21. Qe2 Rf7 22. Qg4 Kh8 23. Rxh7+ Kxh7 24. Qh3+ Kg8 25. Nh6+ gxh6 26. Qxe6 exf4 27. Kh1 Nde5 28. Rg1 Rd8 29. Bf1+ Kf8 30. Qh3 Ke7 31. Qxh6 f3 32. h4 Rdf8 33. Rg7 Bc8 34. h5 Ng4 35. Rxf7+ Rxf7 36. Qh8 Rf8 37. Qg7+ Rf7 38. Qh8 Rf8 39. Qh7+ Rf7 40. Qg6 Nce5 41. Bxe5 Nxe5 42. Qg8 Rf8 43. Qg7+ Rf7 44. Qg8 Rf8 45. Qg7+ 1/2-1/2

[Event "St Petersburg IM 05"]
[Site "St Petersburg"]
[Date "2017.05.14"]
[Round "3"]
[White "Siagodnik, Anton"]
[Black "Askerov, Marat"]
[Result "1-0"]
[WhiteElo "2233"]
[BlackElo "2213"]
[PlyCount "111"]
[EventDate "2017.05.12"]
[EventType "tourn"]
[EventRounds "9"]
[EventCountry "RUS"]
[EventCategory "4"]
[SourceTitle "CBM 178 Extra"]
[Source "ChessBase"]
[SourceDate "2017.06.22"]
[SourceVersion "1"]
[SourceVersionDate "2017.06.22"]
[SourceQuality "1"]

1. d4 Nf6 2. c4 e6 3. Nf3 Bb4+ 4. Bd2 c5 5. e3 Bxd2+ 6. Nbxd2 cxd4 7. Nxd4 0-0 8. Be2 Nc6 9. 0-0 Nxd4 10. exd4 d5 11. c5 e5 12. dxe5 Nd7 13. Nf3 Nxc5 14. Qc2 b6 15. b4 Ne4 16. Rac1 Bg4 17. Qc7 Bxf3 18. Bxf3 Nd2 19. Qxd8 Rfxd8 20. Rfd1 Nxf3+ 21. gxf3 Rd7 22. Rd4 Kf8 23. f4 g6 24. Kg2 Ke7 25. Rc6 Rf8 26. Kg3 f6 27. h4 h6 28. b5 fxe5 29. fxe5 Rg8 30. f4 Rg7 31. Kf3 h5 32. Ke3 Rg8 33. Rd3 Rg7 34. Kd4 Rg8 35. Rf3 Rdd8 36. Rc7+ Ke6 37. Rg3 Rdf8 38. Rc6+ Ke7 39. Ke3 Rc8 40. Rxc8 Rxc8 41. Rxg6 Rc5 42. f5 Rxb5 43. Kd4 Rb4+ 44. Kxd5 Rb5+ 45. Ke4 Rb4+ 46. Kd3 Rxh4 47. Rg7+ Kf8 48. f6 Rf4 49. Ke3 Rf1 50. Ke4 h4 51. Kd5 h3 52. Rh7 Rf3 53. Ke6 Kg8 54. Rh4 b5 55. Ke7 a5 56. e6 1-0

[Event "St Petersburg IM 05"]
[Site "St Petersburg"]
[Date "2017.05.12"]
[Round "1"]
[White "Saveliev, Alexei"]
[Black "Siagodnik, Anton"]
[Result "1/2-1/2"]
[WhiteElo "2369"]
[BlackElo "2233"]
[PlyCount "95"]
[EventDate "2017.05.12"]
[EventType "tourn"]
[EventRounds "9"]
[EventCountry "RUS"]
[EventCategory "4"]
[SourceTitle "CBM 178 Extra"]
[Source "ChessBase"]
[SourceDate "2017.06.22"]
[SourceVersion "1"]
[SourceVersionDate "2017.06.22"]
[SourceQuality "1"]

1. e4 e5 2. Nf3 Nf6 3. d3 c6 4. Nbd2 Qc7 5. g3 d5 6. Bg2 Bd6 7. 0-0 Bg4 8. a4 Na6 9. c3 0-0-0 10. b4 Qd7 11. Qc2 h5 12. b5 cxb5 13. axb5 Qxb5 14. exd5 Nxd5 15. Nc4 Bxf3 16. Ra5 Qd7 17. Bxf3 Nb6 18. Be3 Bc7 19. Nxe5 Bxe5 20. Rxe5 f6 21. Ra5 Qxd3 22. Qb2 Rhe8 23. Be2 Qd6 24. Bxa6 bxa6 25. Rxa6 Qc7 26. Bxb6 axb6 27. Rfa1 Qb7 28. Rxb6 Qf3 29. Rb8+ Kd7 30. Rb7+ Ke6 31. Re1+ Kf5 32. Qc2+ Kg4 33. Rb4+ Kg5 34. Rf1 Kh6 35. Qc1+ Kh7 36. Rf4 Qc6 37. Qc2+ Kh6 38. h4 Re5 39. Qc1 Kh7 40. Rd4 Rde8 41. Qc2+ Kh8 42. Rdd1 f5 43. Qd2 Qf3 44. Rde1 Re2 45. Rxe2 Rxe2 46. Qd8+ Kh7 47. Qa5 Rc2 48. Qd8 1/2-1/2

[Event "St Petersburg Intellectual"]
[Site "St Petersburg"]
[Date "2014.11.15"]
[Round "9"]
[White "Khusenkhojaev, Muhammad"]
[Black "Siagodnik, Anton"]
[Result "0-1"]
[WhiteElo "2394"]
[BlackElo "2254"]
[PlyCount "76"]
[EventDate "2014.11.10"]
[EventType "tourn"]
[EventRounds "9"]
[EventCountry "RUS"]
[EventCategory "3"]
[SourceTitle "CBM 163 Extra"]
[Source "ChessBase"]
[SourceDate "2014.12.23"]
[SourceVersion "1"]
[SourceVersionDate "2014.12.23"]
[SourceQuality "1"]

1. d4 f5 2. c4 g6 3. g3 Bg7 4. Bg2 d6 5. Nf3 Nf6 6. 0-0 0-0 7. Nc3 Nc6 8. d5 Ne5 9. Nxe5 dxe5 10. Qb3 h6 11. c5 Kh8 12. Be3 g5 13. Rad1 f4 14. Bc1 Rb8 15. d6 exd6 16. cxd6 cxd6 17. Qa3 Qe8 18. Qxa7 Bf5 19. Rxd6 Qh5 20. f3 Qf7 21. e4 Be6 22. b3 Ra8 23. Qf2 Rfc8 24. Rd3 Bf8 25. gxf4 gxf4 26. Kh1 Bc5 27. Qb2 Nh5 28. Ne2 Qg7 29. b4 Rxa2 30. bxc5 Rxb2 31. Bxb2 Rxc5 32. Rg1 Rc2 33. Bf1 Qc7 34. Ba1 Bc4 35. Nxf4 Nxf4 36. Rd8+ Kh7 37. Bxc4 Qxd8 38. Bxe5 Rxh2+ 0-1

[Event "St Petersburg Intellectual"]
[Site "St Petersburg"]
[Date "2014.11.14"]
[Round "8"]
[White "Siagodnik, Anton"]
[Black "Zubritskiy, Artyom"]
[Result "0-1"]
[WhiteElo "2254"]
[BlackElo "2401"]
[PlyCount "108"]
[EventDate "2014.11.10"]
[EventType "tourn"]
[EventRounds "9"]
[EventCountry "RUS"]
[EventCategory "3"]
[SourceTitle "CBM 163 Extra"]
[Source "ChessBase"]
[SourceDate "2014.12.23"]
[SourceVersion "1"]
[SourceVersionDate "2014.12.23"]
[SourceQuality "1"]

1. d4 Nf6 2. Nf3 e6 3. g3 d5 4. Bg2 b5 5. 0-0 Bb7 6. Ne5 Nbd7 7. c4 bxc4 8. Nxc4 c6 9. Ncd2 Qb6 10. e3 c5 11. Nc3 Rc8 12. Na4 Qc7 13. b3 cxd4 14. exd4 Qc2 15. a3 Ba6 16. Re1 Nb6 17. Nxb6 axb6 18. Nf1 Qxd1 19. Rxd1 Bd6 20. Ne3 Rc3 21. b4 Kd7 22. Bd2 Rb3 23. Rdb1 Rxb1+ 24. Rxb1 Bb5 25. Bf1 Bxf1 26. Kxf1 Ra8 27. Ra1 Ne4 28. Be1 b5 29. Ke2 Be7 30. Kd3 Nd6 31. Bd2 h5 32. h4 f6 33. f4 g6 34. Be1 Kc6 35. Kc3 g5 36. Kb3 gxf4 37. gxf4 Nc4 38. Nxc4 dxc4+ 39. Kc3 Kd5 40. Bd2 Bd6 41. Kc2 Kxd4 42. Bc3+ Ke4 43. Bxf6 Bxf4 44. Bb2 Rg8 45. Rd1 Rg2+ 46. Kb1 Bd2 47. Bf6 c3 48. Rf1 Kd3 49. Rf3+ Kc4 50. Rf1 Kb3 51. Ka1 Re2 52. Rb1+ Kxa3 53. Bd4 Be3 54. Rb2 Re1+ 0-1

[Event "St Petersburg Intellectual"]
[Site "St Petersburg"]
[Date "2014.11.13"]
[Round "6"]
[White "Siagodnik, Anton"]
[Black "Duzhakov, Ilya"]
[Result "0-1"]
[WhiteElo "2254"]
[BlackElo "2365"]
[PlyCount "92"]
[EventDate "2014.11.10"]
[EventType "tourn"]
[EventRounds "9"]
[EventCountry "RUS"]
[EventCategory "3"]
[SourceTitle "CBM 163 Extra"]
[Source "ChessBase"]
[SourceDate "2014.12.23"]
[SourceVersion "1"]
[SourceVersionDate "2014.12.23"]
[SourceQuality "1"]

1. Nf3 Nf6 2. g3 d5 3. Bg2 c6 4. 0-0 Bg4 5. d3 Nbd7 6. Nbd2 e6 7. e4 Be7 8. b3 0-0 9. Bb2 a5 10. a4 Ne8 11. Qe2 Bh5 12. h3 Qb8 13. Rfe1 Bg6 14. Kh1 dxe4 15. dxe4 Nc7 16. Nc4 Rd8 17. Red1 Qa7 18. Nfe5 Nxe5 19. Nxe5 Bf6 20. f4 h6 21. f5 exf5 22. exf5 Bh7 23. Qc4 Bxe5 24. Bxe5 Ne8 25. g4 Qe3 26. Bd4 Qg5 27. Bb6 Rxd1+ 28. Rxd1 h5 29. Rd7 Kh8 30. Qxf7 hxg4 31. Qe7 Qc1+ 32. Bg1 gxh3 33. Bxh3 Qh6 34. Kg2 Bg8 35. Be3 Qh5 36. Bd4 Bd5+ 37. Kg3 Qf3+ 38. Kh2 Qf4+ 39. Kg1 Qxd4+ 40. Kf1 Qd1+ 41. Kf2 Qf3+ 42. Ke1 Qxh3 43. Qf8+ Kh7 44. Re7 Qc3+ 45. Kd1 Bf3+ 46. Kc1 Qa1+ 0-1

[Event "St Petersburg Intellectual"]
[Site "St Petersburg"]
[Date "2014.11.10"]
[Round "2"]
[White "Emdin, Mark"]
[Black "Siagodnik, Anton"]
[Result "1/2-1/2"]
[WhiteElo "2149"]
[BlackElo "2254"]
[PlyCount "105"]
[EventDate "2014.11.10"]
[EventType "tourn"]
[EventRounds "9"]
[EventCountry "RUS"]
[EventCategory "3"]
[SourceTitle "CBM 163 Extra"]
[Source "ChessBase"]
[SourceDate "2014.12.23"]
[SourceVersion "1"]
[SourceVersionDate "2014.12.23"]
[SourceQuality "1"]

1. e4 e5 2. Nf3 Nf6 3. Nxe5 d6 4. Nf3 Nxe4 5. Nc3 Nxc3 6. dxc3 Be7 7. Bf4 Nd7 8. Bd3 Nc5 9. h3 Be6 10. Qd2 Qd7 11. Nd4 Bf6 12. Bb5 c6 13. Be2 d5 14. 0-0-0 0-0 15. f3 b5 16. Bg5 Bxg5 17. Qxg5 a5 18. f4 f6 19. Qh4 Bf7 20. f5 Rfe8 21. Bh5 b4 22. c4 Re4 23. Bxf7+ Qxf7 24. Qf2 dxc4 25. Nxc6 Na4 26. Rhe1 Qe8 27. Rxe4 Qxe4 28. Qf3 Qxf3 29. gxf3 c3 30. b3 Nb6 31. Rd8+ Rxd8 32. Nxd8 Nd5 33. Nc6 Kf7 34. Nxa5 Ke7 35. Nc4 Nf4 36. Kd1 h5 37. a3 bxa3 38. Nxa3 Nxh3 39. Nb5 Nf4 40. Nxc3 Kd6 41. Ke1 h4 42. Kf2 Ke5 43. Ne4 Kxf5 44. b4 Nd5 45. b5 Nb6 46. Nd2 Ke5 47. c4 Kd4 48. Kg2 Nd7 49. Kh3 g5 50. f4 Ke3 51. fxg5 f5 52. Nf1+ Kd4 53. Nh2 1/2-1/2

[Event "Chigorin Memorial 22nd"]
[Site "St Petersburg"]
[Date "2014.10.18"]
[Round "1"]
[White "Shugalei, Mikhail"]
[Black "Siagodnik, Anton"]
[Result "0-1"]
[WhiteElo "1649"]
[BlackElo "2208"]
[PlyCount "44"]
[EventDate "2014.10.18"]
[EventType "swiss"]
[EventRounds "9"]
[EventCountry "RUS"]
[SourceTitle "EXT 2015"]
[Source "ChessBase"]
[SourceDate "2014.11.20"]
[SourceVersion "1"]
[SourceVersionDate "2014.11.20"]
[SourceQuality "1"]

1. e4 e5 2. Nf3 Nf6 3. Nxe5 d6 4. Nf3 Nxe4 5. Nc3 Nxc3 6. dxc3 Be7 7. Bd3 0-0 8. 0-0 Bg4 9. Be4 c6 10. c4 Nd7 11. c3 Ne5 12. Qe2 f5 13. Bd3 Qe8 14. Bf4 Bxf3 15. gxf3 Qh5 16. Bxe5 dxe5 17. Qxe5 Rf6 18. Be2 Bd6 19. f4 Qg6+ 20. Kh1 Bxe5 21. Rg1 Qe8 22. fxe5 Qxe5 0-1

[Event "St Petersburg Krasnoselskaya"]
[Site "St Petersburg"]
[Date "2013.11.06"]
[Round "6"]
[White "Dolzhikova, Kateryna"]
[Black "Siagodnik, Anton"]
[Result "1-0"]
[WhiteElo "2238"]
[BlackElo "2162"]
[PlyCount "161"]
[EventDate "2013.11.02"]
[EventType "tourn"]
[EventRounds "9"]
[EventCountry "RUS"]
[EventCategory "7"]
[SourceTitle "EXT 2014"]
[Source "ChessBase"]
[SourceDate "2013.11.20"]
[SourceVersion "1"]
[SourceVersionDate "2013.11.20"]
[SourceQuality "1"]

1. e4 e5 2. Nf3 Nf6 3. Nxe5 d6 4. Nf3 Nxe4 5. d3 Nf6 6. d4 Be7 7. Bd3 Bg4 8. c3 0-0 9. 0-0 c5 10. Nbd2 Nc6 11. dxc5 dxc5 12. Qc2 Qd5 13. h3 Bh5 14. Re1 Rfe8 15. Bc4 Qd7 16. b3 Bg6 17. Qb2 Bd6 18. Rxe8+ Rxe8 19. Nf1 Ne5 20. Be2 Be4 21. Nxe5 Bxe5 22. Bd2 Bb8 23. Be3 Nd5 24. Rd1 Qf5 25. c4 Qg6 26. f3 Be5 27. Qd2 Nxe3 28. Nxe3 Bd4 29. Kh1 Bc6 30. Nf1 h6 31. Bd3 Qe6 32. Qf4 g5 33. Qg3 Kf8 34. h4 Qe5 35. Qh3 Qf4 36. hxg5 Qxg5 37. Ng3 Bd7 38. Bf5 Bxf5 39. Nxf5 Re5 40. Ng3 Qg6 41. f4 Re3 42. Qc8+ Kg7 43. Nf5+ Kh7 44. Nxe3 Bxe3 45. Qh3 Qc2 46. Rf1 Bd4 47. Qh5 Kg7 48. Qg4+ Kh7 49. f5 Bf6 50. Qh5 Kg7 51. Qg4+ Kh7 52. Qf3 b6 53. Qd5 Kg7 54. Rf3 Qb2 55. Rg3+ Bg5 56. a4 Qc1+ 57. Kh2 Qf4 58. Qf3 Qh4+ 59. Rh3 Qd4 60. Qc3 Bf4+ 61. Kh1 Kf6 62. Rd3 Qxc3 63. Rxc3 Kxf5 64. Rd3 a5 65. Rd7 Ke4 66. Rxf7 Bd2 67. Rd7 Bc3 68. Rd6 h5 69. Rxb6 Kd3 70. Rh6 Kc2 71. Rxh5 Bd4 72. Rh3 Bc3 73. g4 Kxb3 74. g5 Kxc4 75. Rxc3+ Kxc3 76. g6 c4 77. g7 Kb2 78. g8Q c3 79. Qb8+ Ka2 80. Qc7 Kb2 81. Qxa5 1-0

[Event "St Petersburg Krasnoselskaya"]
[Site "St Petersburg"]
[Date "2013.11.03"]
[Round "2"]
[White "Siagodnik, Anton"]
[Black "Chigaev, Maksim"]
[Result "0-1"]
[WhiteElo "2162"]
[BlackElo "2491"]
[PlyCount "66"]
[EventDate "2013.11.02"]
[EventType "tourn"]
[EventRounds "9"]
[EventCountry "RUS"]
[EventCategory "7"]
[SourceTitle "EXT 2014"]
[Source "ChessBase"]
[SourceDate "2013.11.20"]
[SourceVersion "1"]
[SourceVersionDate "2013.11.20"]
[SourceQuality "1"]

1. d4 Nf6 2. Nf3 g6 3. g3 Bg7 4. Bg2 0-0 5. 0-0 d6 6. c4 Nbd7 7. Nc3 e5 8. e4 c6 9. h3 Qb6 10. c5 dxc5 11. dxe5 Ne8 12. e6 fxe6 13. Ng5 Ne5 14. f4 Nf7 15. Nxf7 Bd4+ 16. Kh2 Rxf7 17. e5 Nc7 18. Ne4 Nd5 19. h4 Bd7 20. h5 Qa6 21. Ng5 Rg7 22. Be4 Rf8 23. Kg2 Bxb2 24. Bxd5 Bxa1 25. Bb3 c4 26. Bc2 c5 27. Be3 Bd4 28. Bxd4 cxd4 29. hxg6 d3 30. Nxh7 dxc2 31. Qh5 c3 32. Re1 Qd3 33. Nxf8 Qd2+ 0-1

[Event "St Petersburg Krasnoselskaya"]
[Site "St Petersburg"]
[Date "2013.11.03"]
[Round "3"]
[White "Zenzera, Alexey"]
[Black "Siagodnik, Anton"]
[Result "1-0"]
[WhiteElo "2409"]
[BlackElo "2162"]
[PlyCount "83"]
[EventDate "2013.11.02"]
[EventType "tourn"]
[EventRounds "9"]
[EventCountry "RUS"]
[EventCategory "7"]
[SourceTitle "EXT 2014"]
[Source "ChessBase"]
[SourceDate "2013.11.20"]
[SourceVersion "1"]
[SourceVersionDate "2013.11.20"]
[SourceQuality "1"]

1. b3 d6 2. Bb2 e5 3. c4 g6 4. Nf3 Bg7 5. g3 f5 6. Bg2 Nf6 7. 0-0 0-0 8. Nc3 c6 9. d3 Nbd7 10. b4 h6 11. b5 c5 12. e3 g5 13. d4 e4 14. Nd2 g4 15. Nb3 Nb6 16. Na5 Be6 17. Nxb7 Qc7 18. Na5 Nxc4 19. Nxc4 Bxc4 20. Re1 cxd4 21. exd4 d5 22. Rc1 Qa5 23. a4 a6 24. Ba3 Rfc8 25. Be7 axb5 26. axb5 Kf7 27. Bc5 Nd7 28. Nxe4 fxe4 29. Bxe4 Nf6 30. Bf5 Re8 31. Rxe8 Rxe8 32. b6 Be2 33. Qc2 Kg8 34. Bg6 Re6 35. b7 Qc7 36. Rb1 Nd7 37. Bf5 Re8 38. Bxd7 Rb8 39. Be6+ Kh8 40. Qxe2 Rxb7 41. Rxb7 Qxb7 42. Qxg4 1-0

[Event "Wch U18"]
[Site "Maribor"]
[Date "2012.11.18"]
[Round "11.38"]
[White "Siagodnik, Anton"]
[Black "Esenbek Uulu, Bakai"]
[Result "1/2-1/2"]
[WhiteElo "2189"]
[BlackElo "1984"]
[PlyCount "38"]
[EventDate "2012.11.08"]
[EventType "swiss"]
[EventRounds "11"]
[EventCountry "SLO"]
[SourceTitle "EXT 2013"]
[Source "ChessBase"]
[SourceDate "2012.11.22"]
[SourceVersion "1"]
[SourceVersionDate "2012.11.22"]
[SourceQuality "1"]

1. Nf3 d5 2. g3 Nf6 3. Bg2 c5 4. d4 Nc6 5. 0-0 Bg4 6. Ne5 Bh5 7. Nxc6 bxc6 8. dxc5 e6 9. b4 a5 10. c3 Qb8 11. a3 Be7 12. Nd2 axb4 13. cxb4 Qe5 14. Ra2 Qxe2 15. Qb3 Qa6 16. Re1 Be2 17. Qe3 Bb5 18. Nf3 0-0 19. Ng5 Rfd8 1/2-1/2

[Event "Wch U18"]
[Site "Maribor"]
[Date "2012.11.12"]
[Round "5.13"]
[White "Andersen, Mads"]
[Black "Siagodnik, Anton"]
[Result "1-0"]
[WhiteElo "2482"]
[BlackElo "2189"]
[PlyCount "67"]
[EventDate "2012.11.08"]
[EventType "swiss"]
[EventRounds "11"]
[EventCountry "SLO"]
[SourceTitle "EXT 2013"]
[Source "ChessBase"]
[SourceDate "2012.11.22"]
[SourceVersion "1"]
[SourceVersionDate "2012.11.22"]
[SourceQuality "1"]

1. d4 f5 2. Bg5 c6 3. Nd2 d5 4. e3 Nf6 5. Bxf6 exf6 6. Bd3 Qb6 7. Rb1 g6 8. h4 h5 9. Nh3 Bd6 10. c4 Qa5 11. a3 Be6 12. 0-0 Nd7 13. b4 Qd8 14. b5 0-0 15. c5 Be7 16. Qf3 Bf7 17. Qg3 Kh7 18. bxc6 bxc6 19. Rb7 Rb8 20. Rxa7 Rb2 21. Rd1 Bxc5 22. dxc5 Nxc5 23. Nf4 Nb7 24. Ba6 Qb8 25. Rxb7 Rxb7 26. Bxb7 Qxb7 27. Nd3 Qb5 28. Qd6 Ra8 29. Qxf6 Qxd3 30. Qxf7+ Kh6 31. Rb1 Qxa3 32. Rb7 Qa1+ 33. Kh2 Rh8 34. Qe7 1-0